Music Quiz

Random Music or Singers Quiz
Score 0/8 Timer 02:00
2 Plays Today
% Correct
Michael Jackson
Beat It
54.8%
Wham!
Wake Me Up

Before You Go-Go
50.6%
Bon Jovi
You Give Love

A Bad Name
48.8%
Men At Work
Down Under
48%
a-ha
Take On Me
46.3%
Survivor
Eye Of The Tiger
40.8%
Billy Joel
Uptown Girl
35.3%
Europe
The Final

Countdown
29%
Remove Ads.
Support Sporcle.
Get the best of Sporcle when you Go Orange. This ad-free experience offers more features, more stats, and more fun while also helping to support Sporcle. Thank you for becoming a member.

You're not logged in!

Compare scores with friends on all Sporcle quizzes.
OR
Log In

Sporcle TV

Today on Sporcle TV


Watch our educational content, quiz creation guides, and fun videos on Sporcle TV.

Show Comments

Extras

Top Quizzes Today


Score Distribution

Paid Content

Your Account Isn't Verified!

In order to create a playlist on Sporcle, you need to verify the email address you used during registration. Go to your Sporcle Settings to finish the process.

Report this User

Report this user for behavior that violates our Community Guidelines.

Details: